<?xml version="1.0" encoding="UTF-8"?>
<record
    xmlns:xsi="http://www.w3.org/2001/XMLSchema-instance"
    xsi:schemaLocation="http://www.loc.gov/MARC21/slim http://www.loc.gov/standards/marcxml/schema/MARC21slim.xsd"
    xmlns="http://www.loc.gov/MARC21/slim">

  <leader>01919naa a2200265 i 4500</leader>
  <controlfield tag="001">628</controlfield>
  <controlfield tag="003">KOSZ 005</controlfield>
  <controlfield tag="005">20190610114319.0</controlfield>
  <controlfield tag="008">141102s2006    pl     f     |100 0 pol</controlfield>
  <datafield tag="040" ind1=" " ind2=" ">
    <subfield code="c">BPK</subfield>
    <subfield code="d">KOSZ 005/EG</subfield>
  </datafield>
  <datafield tag="080" ind1=" " ind2=" ">
    <subfield code="a">621.73/.77</subfield>
  </datafield>
  <datafield tag="100" ind1="1" ind2=" ">
    <subfield code="a">KUKIE&#x141;KA, Leon.</subfield>
    <subfield code="d">1996 - .</subfield>
    <subfield code="b">Politechnika Koszali&#x144;ska - Wydzia&#x142; Mechaniczny,</subfield>
    <subfield code="c">Katedra Maszyn Roboczych</subfield>
  </datafield>
  <datafield tag="245" ind1="1" ind2="0">
    <subfield code="a">The numerical analysis of displacements and strains in the surface layer of the object, during shot peening =</subfield>
    <subfield code="b">Analiza numeryczna przemieszcze&#x144; i odkszta&#x142;ce&#x144; zachodz&#x105;cych w warstwie wierzchniej przedmiotu podczas procesu kulowania /</subfield>
    <subfield code="c">Paulina Pogorzelska, Dariusz Rusak, Leon Kukie&#x142;ka.</subfield>
  </datafield>
  <datafield tag="500" ind1=" " ind2=" ">
    <subfield code="a">Dane z autopsji.</subfield>
  </datafield>
  <datafield tag="520" ind1=" " ind2=" ">
    <subfield code="a">Praca dotyczy analizy numerycznej procesu kulowania powierzchni p&#x142;askiej. Opracowano aplikacj&#x119; w programie Abaqus, wykorzystuj&#x105;c&#x105; metod&#x119; element&#xF3;w sko&#x144;czonych. Przedstawiono przyk&#x142;adowe wyniki oblicze&#x144; przemieszcze&#x144; i odkszta&#x142;ce&#x144;. Wykazano istotno&#x15B;&#x107; wp&#x142;ywu &#x15B;rednicy kulki (d) i odleg&#x142;o&#x15B;ci (s) na jako&#x15B;&#x107; warstwy wierzchniej.</subfield>
  </datafield>
  <datafield tag="650" ind1=" " ind2="0">
    <subfield code="a">Analiza numeryczna.</subfield>
  </datafield>
  <datafield tag="650" ind1=" " ind2="0">
    <subfield code="a">Napr&#x119;&#x17C;enia i odkszta&#x142;cenia.</subfield>
  </datafield>
  <datafield tag="655" ind1=" " ind2="0">
    <subfield code="a">Materia&#x142;y konferencyjne.</subfield>
  </datafield>
  <datafield tag="650" ind1=" " ind2="0">
    <subfield code="a">In&#x17C;ynieria powierzchni</subfield>
  </datafield>
  <datafield tag="700" ind1="1" ind2=" ">
    <subfield code="a">POGORZELSKA, Paulina - doktorant.</subfield>
    <subfield code="b">Politechnika Koszali&#x144;ska - Wydzia&#x142; Mechaniczny,</subfield>
    <subfield code="c">Katedra Maszyn Roboczych</subfield>
  </datafield>
  <datafield tag="700" ind1="1" ind2=" ">
    <subfield code="a">RUSAK, Dariusz - doktorant.</subfield>
    <subfield code="d">doktorant</subfield>
    <subfield code="b">Politechnika Koszali&#x144;ska - Wydzia&#x142; Mechaniczny,</subfield>
    <subfield code="c">Katedra Maszyn Roboczych</subfield>
  </datafield>
  <datafield tag="711" ind1="2" ind2="2">
    <subfield code="a">S&#x142;upskie Forum Motoryzacji</subfield>
    <subfield code="n">(9 ;</subfield>
    <subfield code="d">2006 ;</subfield>
    <subfield code="c">S&#x142;upsk, Polska).</subfield>
    <subfield code="p">S&#x142;upskie Forum Motoryzacji'2006</subfield>
  </datafield>
  <datafield tag="773" ind1="0" ind2=" ">
    <subfield code="i">W :</subfield>
    <subfield code="t">IX Konferencja Naukowo-Techniczna nt. Innowacje w motoryzacji a bezpiecze&#x144;stwo ruchu drogowego : [IX S&#x142;upskie Forum Motoryzacji], S&#x142;upsk 26.05.2006 : praca zbiorowa / pod red. Leona Kukie&#x142;ki. -</subfield>
    <subfield code="d">S&#x142;upsk : Starostwo Powiatowe, 2006. -</subfield>
    <subfield code="g">s. 259-266</subfield>
  </datafield>
  <datafield tag="942" ind1=" " ind2=" ">
    <subfield code="c">ROZ</subfield>
    <subfield code="2">UKD</subfield>
  </datafield>
  <datafield tag="999" ind1=" " ind2=" ">
    <subfield code="c">628</subfield>
    <subfield code="d">628</subfield>
  </datafield>
  <datafield tag="952" ind1=" " ind2=" ">
    <subfield code="0">0</subfield>
    <subfield code="1">0</subfield>
    <subfield code="4">0</subfield>
    <subfield code="7">0</subfield>
    <subfield code="a">BPK</subfield>
    <subfield code="b">BPK</subfield>
    <subfield code="o">84497</subfield>
    <subfield code="y">ROZ</subfield>
  </datafield>
</record>
